Statements of Truth - Sudden Death - Statistics

General Stats
  • This quiz has been taken 10,388 times
  • The average score is 5 of 14
Answers on the Grid
Answers color-coded by a green-red scale on the quiz's grid according to % correct below.
1. This is the first statement.
2. Statement 1 was true.
3. The first 4 statements are true.
4. This is the first false statement.
5. Statement 6 is false.
6. Statement 5 is false.
7. Statements 5 and 6 are both false.
8. From 6 to 8, at least two statements are false.
9. Statement 10 is next.
10. Statement 11 is the next true statement.
11. Statement 9 is true.
12. At least 4 of the first 12 statements are false.
13. All odd-numbered statements are false.
14. Statements 15 and 16 are both true.
15. At least one of statements 16 and 17 is false.
16. At least one of statements 14 and 15 is true.
17. Statements 15 and 16 are both false.
18. All statements after this are true.
19. There are more true statements than false.
20. This is the last statement.
 
Answer Stats
Answer % Correct
1. This is the first statement.
99%
2. Statement 1 was true.
98%
20. This is the last statement.
34%
9. Statement 10 is next.
33%
11. Statement 9 is true.
32%
10. Statement 11 is the next true statement.
30%
18. All statements after this are true.
24%
19. There are more true statements than false.
24%
12. At least 4 of the first 12 statements are false.
20%
5. Statement 6 is false.
19%
8. From 6 to 8, at least two statements are false.
19%
15. At least one of statements 16 and 17 is false.
18%
16. At least one of statements 14 and 15 is true.
18%
14. Statements 15 and 16 are both true.
17%
No matching quizzes found
Score Distribution
Percent of People with Each Score
Percentile by Number Answered
Your Score History
You have not taken this quiz